000 00595nam a2200181Ia 4500
008 190427s9999 xx 000 0 und d
100 _aTripp, John F
245 _aAgile Methodologies: Organizational motives, tailoring and performance/
245 _cJohn F. Tripp and Deborah J. Armstrong.--
260 _bTaylor and Francis Group
260 _c2018
300 _apages 170-179, 2018
440 _aJournal of Computer Inforamation System
_v58(2)
650 _aAdoption Motivation
650 _aAgile Methodologies
650 _aIT projrct management
650 _aSoftware development
999 _c361723
_d361723